000 01118cam a2200289 a 4500
999 _c54687
_d54687
005 20200602134514.0
008 911120s20001981sp r 001 0 spa d
020 _a8424900995
040 _aCO-BoSC
_bspa
_erda
041 1 _aspa
_hgre
100 0 _aSófocles
_954223
_eaut
245 1 0 _aTragedias
_cSófocles; introducción de José S. Lasso de la Vega; traducción y notas de Assela Alamillo
264 1 _aMadrid
_bGredos
_c1981
300 _a578 páginas
_c19 cm
337 _2rdamedia
338 _2rdacarrier
490 _966709
_aBiblioteca Clásica Gredos
_vNo.40
504 _aIncluye referencias bibliográficas.
505 0 _aIntroducción general.-- Ayax.-- Las traquinias.-- Antigona.-- Edipo Rey.-- Electra.-- Filoctetes.-- Edipo en Colono
700 1 _aLasso de la Vega, José S
_ewin
_972749
700 1 _aAlamillo, Assela
_etrl
_eann
_972750
082 0 4 _a108 B423 No.40
_221
_bB423 No.40
650 2 4 _aLiteratura griega
_910723
650 2 4 _aTragedia griega
_941565
942 _2ddc
_c1
_h108 B423 No.40
_n0